| 000 | 00672nam a2200181 4500 | ||
|---|---|---|---|
| 005 | 20260216100823.0 | ||
| 008 | 251028s1970 ir aco||r|||| 00| 0 per d | ||
| 040 |
_aAM-YEHGA _cAM-YEHGA |
||
| 041 | 0 | _aper | |
| 100 | 1 |
_aرائين، اسماعيل، _d1919-1980 |
|
| 245 | 1 | 0 |
_aايرانيان ارمني / _cنوشتۀ: اسماعيل رائين. |
| 246 | 1 | 5 | _aԻրանեանէ արմանի |
| 250 | _aچاپ اول | ||
| 260 |
_aتهران : _bچاپخانۀ تهران مصور : _bموسسۀ تحقیق رائين, _c1970 [1349]. |
||
| 300 |
_a206 p. : _billustrations, photographs, portraits ; _c24 cm. |
||
| 650 | 1 | 4 |
_aArmenians _xHistory _zIran |
| 942 |
_2udc _cBK _n0 |
||
| 999 |
_c537375 _d537375 |
||